000 00859nam a2200193Ia 4500
008 151121s9999||||xx |||||||||||||| ||und||
082 _a581/ज्ञानसा
082 _bHNW-58019
100 _aज्ञानसागर वि।रा।
245 _aअसे महान वृक्ष! असे त्यांचे धाडसी शोध!
260 _b"साकेत प्रकाशन, औरंगाबाद।"
260 _c--
300 _a117
600 _aज्ञानसागर वि।रा।
630 _aअसे महान वृक्ष! असे त्यांचे धाडसी शोध!
700 _aज्ञानसागर वि।रा।
730 _aअसे महान वृक्ष! असे त्यांचे धाडसी शोध!
942 _cBOOK
999 _c1240025
_d1240022